Detalles MARC
| 000 -LEADER |
| campo de control de longitud fija |
05081cam a22008534i 4500 |
| 003 - IDENTIFICADOR DE NÚMERO DE CONTROL |
| campo de control |
PE-LiUPU |
| 005 - FECHA Y HORA DE LA ÚLTIMA TRANSACCIÓN |
| campo de control |
20250731173114.0 |
| 008 - DATOS DE LONGITUD FIJA--INFORMACIÓN GENERAL |
| campo de control de longitud fija |
050414m20049999gw rb 000 0 eng c |
| 020 ## - NÚMERO INTERNACIONAL ESTÁNDAR DEL LIBRO |
| Número Internacional Estándar del Libro |
343805261X |
| Información calificativa |
(v. 1) |
| 020 ## - NÚMERO INTERNACIONAL ESTÁNDAR DEL LIBRO |
| Número Internacional Estándar del Libro |
3438052652 |
| Información calificativa |
(v. 5) |
| 020 ## - NÚMERO INTERNACIONAL ESTÁNDAR DEL LIBRO |
| Número Internacional Estándar del Libro |
3438052679 |
| Información calificativa |
(v. 7) |
| 020 ## - NÚMERO INTERNACIONAL ESTÁNDAR DEL LIBRO |
| Número Internacional Estándar del Libro |
3438052733 |
| Información calificativa |
(v. 13) |
| 020 ## - NÚMERO INTERNACIONAL ESTÁNDAR DEL LIBRO |
| Número Internacional Estándar del Libro |
3438052776 |
| Información calificativa |
(v. 17) |
| 020 ## - NÚMERO INTERNACIONAL ESTÁNDAR DEL LIBRO |
| Número Internacional Estándar del Libro |
3438052784 |
| Información calificativa |
(v. 18) |
| 020 ## - NÚMERO INTERNACIONAL ESTÁNDAR DEL LIBRO |
| Número Internacional Estándar del Libro |
3438052806 |
| Información calificativa |
(v. 20) |
| 020 ## - NÚMERO INTERNACIONAL ESTÁNDAR DEL LIBRO |
| Número Internacional Estándar del Libro |
3438052997 |
| Información calificativa |
(20-v. set : pbk.) |
| 020 ## - NÚMERO INTERNACIONAL ESTÁNDAR DEL LIBRO |
| Número Internacional Estándar del Libro |
9783438052612 |
| Información calificativa |
(v. 1) |
| 020 ## - NÚMERO INTERNACIONAL ESTÁNDAR DEL LIBRO |
| Número Internacional Estándar del Libro |
9783438052650 |
| Información calificativa |
(v. 5) |
| 020 ## - NÚMERO INTERNACIONAL ESTÁNDAR DEL LIBRO |
| Número Internacional Estándar del Libro |
9783438052674 |
| Información calificativa |
(v. 7) |
| 020 ## - NÚMERO INTERNACIONAL ESTÁNDAR DEL LIBRO |
| Número Internacional Estándar del Libro |
9783438052735 |
| Información calificativa |
(v. 13) |
| 020 ## - NÚMERO INTERNACIONAL ESTÁNDAR DEL LIBRO |
| Número Internacional Estándar del Libro |
9783438052773 |
| Información calificativa |
(v. 17) |
| 020 ## - NÚMERO INTERNACIONAL ESTÁNDAR DEL LIBRO |
| Número Internacional Estándar del Libro |
9783438052780 |
| Información calificativa |
(v. 18) |
| 020 ## - NÚMERO INTERNACIONAL ESTÁNDAR DEL LIBRO |
| Número Internacional Estándar del Libro |
9783438052803 |
| Información calificativa |
(v. 20) |
| 020 ## - NÚMERO INTERNACIONAL ESTÁNDAR DEL LIBRO |
| Número Internacional Estándar del Libro |
9783438052995 |
| Información calificativa |
(20-v. set : pbk.) |
| 035 ## - NÚMERO DE CONTROL DEL SISTEMA |
| Número de control de sistema |
(Sirsi) i9783438052612 |
| 035 ## - NÚMERO DE CONTROL DEL SISTEMA |
| Número de control de sistema |
(OCoLC)59128874 |
| Número de control cancelado/no válido |
(OCoLC)144559017 |
| 035 ## - NÚMERO DE CONTROL DEL SISTEMA |
| Número de control de sistema |
.b29303588 |
| -- |
stamn |
| -- |
- |
| 040 ## - FUENTE DE CATALOGACIÓN |
| Centro catalogador/agencia de origen |
UBY |
| Lengua de catalogación |
spa |
| Centro/agencia transcriptor |
UBY |
| Centro/agencia modificador |
BAKER |
| -- |
BTCTA |
| -- |
OHX |
| -- |
YDXCP |
| -- |
OCLCG |
| -- |
BHA |
| -- |
PAU |
| -- |
YUS |
| -- |
UBY |
| -- |
PAU |
| -- |
OCLCA |
| -- |
OCLCQ |
| -- |
OCLCO |
| -- |
OCLCA |
| -- |
OCLCF |
| -- |
ZCU |
| -- |
P4I |
| -- |
OCLCQ |
| -- |
EXN |
| -- |
PE-LiUPU |
| 041 0# - CÓDIGO DE IDIOMA |
| Código de lengua del texto/banda sonora o título independiente |
eng |
| -- |
heb |
| -- |
ger |
| -- |
spa |
| 050 #4 - SIGNATURA TOPOGRÁFICA DE LA BIBLIOTECA DEL CONGRESO |
| Número de clasificación |
BS715 |
| Número de ítem |
2004 |
| 082 04 - NÚMERO DE LA CLASIFICACIÓN DECIMAL DEWEY |
| Número de clasificación |
221.44 |
| Cutter |
BH |
| Número de edición |
20 |
| 130 0# - ENTRADA PRINCIPAL--TÍTULO UNIFORME |
| Título uniforme |
Bible. |
| Nombre de parte o sección de la obra |
Old Testament. |
| Lenguaje de la obra |
Hebrew. |
| Fecha de publicación/de la obra |
2004. |
| 245 10 - MENCIÓN DEL TÍTULO |
| Título |
Torah neviʼim u-khetuvim = |
| Resto del título |
Biblia Hebraica / |
| Mención de responsabilidad, etc. |
participantibus R. Althann [y otros trece] ; consultis A. Dotan pro masora, A. Groves et Soetjianto pro impressione electronica, S. Lind pro redactione et stylo ; communiter ediderunt A. Schenker (praeses) [y otros ocho]. |
| 246 14 - FORMA VARIANTE DEL TITULO |
| Título propio/Titulo breve |
BHQ. |
| 246 18 - FORMA VARIANTE DEL TITULO |
| Título propio/Titulo breve |
Biblia Hebraica. |
| 250 ## - MENCION DE EDICION |
| Mención de edición |
Quinta editione cum apparatu critico novis curis elaborato. |
| 264 #1 - PRODUCCIÓN, PUBLICACIÓN, DISTRIBUCIÓN, FABRICACIÓN Y COPYRIGHT |
| Producción, publicación, distribución, fabricación y copyright |
Stuttgart : |
| Nombre del de productor, editor, distribuidor, fabricante |
Deutsche Bibelgesellschaft, |
| Fecha de producción, publicación, distribución, fabricación o copyright |
2004- . |
| 300 ## - DESCRIPCIÓN FÍSICA |
| Extensión |
volúmenes <1, 5, 7, 17> ; |
| Dimensiones |
24 centímetros. |
| 336 ## - TIPO DE CONTENIDO |
| Término de tipo de contenido |
text |
| Fuente |
rdacontent. |
| 337 ## - TIPO DE MEDIO |
| Nombre/término del tipo de medio |
unmediated |
| Fuente |
rdamedia. |
| 338 ## - TIPO DE SOPORTE |
| Nombre/término del tipo de soporte |
volume |
| Fuente |
rdacarrier. |
| 490 1# - MENCIÓN DE SERIE |
| Mención de serie |
Biblia Hebraica quinta. |
| 500 ## - NOTA GENERAL |
| Nota general |
La biblioteca del CRAI cuenta con los volúmenes 1, 5, 7, 17. |
| 504 ## - NOTA DE BIBLIOGRAFÍA, ETC. |
| Nota de bibliografía, etc. |
Incluye referencias bibliográficas. |
| 505 00 - NOTA DE CONTENIDO CON FORMATO |
| Título |
Genesis / |
| Mención de responsabilidad |
prepared by Abraham Tal |
| Información miscelánea |
(2015). |
| Nota de contenido con formato |
Preface -- Sigla, Symbols, and Abbreviations -- Definitions of the terms used to characterize readings -- Glossary of common terms in the Masorah -- Table of accents -- The text of Genesis -- Introduction and commentaries on Genesis. |
| 505 00 - NOTA DE CONTENIDO CON FORMATO |
| Título |
Deuteronomy / |
| Mención de responsabilidad |
prepared by Carmel McCarthy |
| Información miscelánea |
(2007). |
| Nota de contenido con formato |
Preface -- Sigla, Symbols, and Abbreviations -- Definitions of the terms used to characterize readings -- Glossary of common terms in the Masorah -- Table of accents -- The text of Deuteronomy -- Introduction and commentaries on Deuteronomy. |
| 505 00 - NOTA DE CONTENIDO CON FORMATO |
| Título |
Judges / |
| Mención de responsabilidad |
prepared by Natalio Fernández Marcos |
| Información miscelánea |
(2011). |
| Nota de contenido con formato |
Preface -- Sigla, Symbols, and Abbreviations -- Definitions of the terms used to characterize readings -- Glossary of common terms in the Masorah -- Table of accents -- The text of Judges -- Introduction and commentaries on Judges. |
| 505 00 - NOTA DE CONTENIDO CON FORMATO |
| Título |
Proverbs / |
| Mención de responsabilidad |
prepared by Jan de Waard |
| Información miscelánea |
(2008). |
| Nota de contenido con formato |
Preface -- Sigla, Symbols, and Abbreviations -- Definitions of the terms used to characterize readings -- Glossary of common terms in the Masorah -- Table of accents -- The text of Proverbs -- Introduction and commentaries on Proverbs. |
| 526 ## - NOTA DE INFORMACIÓN SOBRE EL PROGRAMA DE ESTUDIO |
| Nombre del programa |
Segunda Especialidad En Profecías Bíblicas |
| 526 ## - NOTA DE INFORMACIÓN SOBRE EL PROGRAMA DE ESTUDIO |
| Nombre del programa |
Segunda Especialidad En Nuevo Testamento |
| 526 ## - NOTA DE INFORMACIÓN SOBRE EL PROGRAMA DE ESTUDIO |
| Nombre del programa |
Segunda Especialidad En Antiguo Testamento |
| 526 ## - NOTA DE INFORMACIÓN SOBRE EL PROGRAMA DE ESTUDIO |
| Nombre del programa |
Segunda Especialidad En Estudios Adventistas |
| 526 ## - NOTA DE INFORMACIÓN SOBRE EL PROGRAMA DE ESTUDIO |
| Nombre del programa |
Doctorado en teología |
| 526 ## - NOTA DE INFORMACIÓN SOBRE EL PROGRAMA DE ESTUDIO |
| Nombre del programa |
Maestría en teología histórica |
| 526 ## - NOTA DE INFORMACIÓN SOBRE EL PROGRAMA DE ESTUDIO |
| Nombre del programa |
Maestría en teología bíblica |
| 526 ## - NOTA DE INFORMACIÓN SOBRE EL PROGRAMA DE ESTUDIO |
| Nombre del programa |
Maestría en teología |
| 526 ## - NOTA DE INFORMACIÓN SOBRE EL PROGRAMA DE ESTUDIO |
| Nombre del programa |
Maestría en misionología |
| 526 ## - NOTA DE INFORMACIÓN SOBRE EL PROGRAMA DE ESTUDIO |
| Nombre del programa |
Maestría en liderazgo eclesiástico |
| 526 ## - NOTA DE INFORMACIÓN SOBRE EL PROGRAMA DE ESTUDIO |
| Nombre del programa |
Teología |
| 596 ## - |
| -- |
1 |
| 630 04 - PUNTO DE ACCESO ADICIONAL DE MATERIA--TÍTULO UNIFORME |
| Título uniforme |
Biblia. |
| Nombre de parte o sección de la obra |
Antiguo Testamento |
| Subdivisión general |
Crítica Textual. |
| 910 ## - DATOS DE OPCIÓN DEL USUARIO (OCLC) |
| Datos de opción del usuario |
dbm |
| -- |
ncf |
| -- |
ncf |
| -- |
20190108 |
| 942 ## - ELEMENTOS DE ENTRADA SECUNDARIOS (KOHA) |
| Fuente del sistema de clasificación o colocación |
Clasificación Decimal Dewey |
| Tipo de ítem Koha |
|
| 949 ## - PROCESAMIENTO DE INFORMACIÓN LOCAL (OCLC) |
| a |
221.44 BH 1 |
| w |
DEWEY |
| c |
1 |
| i |
79727 |
| l |
CATALOGING |
| m |
BUL |
| p |
57.82 |
| r |
0 |
| s |
Y |
| t |
BOOK |
| u |
2019-01-08 |
| x |
TEOLOGIA |
| -- |
P85 |
| 0 |
COMPRA |
| o |
.STAFF. Colección Teología |
| 949 ## - PROCESAMIENTO DE INFORMACIÓN LOCAL (OCLC) |
| a |
221.44 BH 5 |
| w |
DEWEY |
| c |
1 |
| i |
79728 |
| l |
CATALOGING |
| m |
BUL |
| p |
79.09 |
| r |
0 |
| s |
Y |
| t |
BOOK |
| u |
2019-01-08 |
| x |
TEOLOGIA |
| -- |
P85 |
| 0 |
COMPRA |
| o |
.STAFF. Colección Teología |
| 949 ## - PROCESAMIENTO DE INFORMACIÓN LOCAL (OCLC) |
| a |
221.44 BH 7 |
| w |
DEWEY |
| c |
1 |
| i |
79729 |
| l |
CATALOGING |
| m |
BUL |
| p |
53.74 |
| r |
0 |
| s |
Y |
| t |
BOOK |
| u |
2019-01-08 |
| x |
TEOLOGIA |
| -- |
P85 |
| 0 |
COMPRA |
| o |
.STAFF. Colección Teología |
| 949 ## - PROCESAMIENTO DE INFORMACIÓN LOCAL (OCLC) |
| a |
221.44 BH 17 |
| w |
DEWEY |
| c |
1 |
| i |
79730 |
| l |
CATALOGING |
| m |
BUL |
| p |
49.66 |
| r |
0 |
| s |
Y |
| t |
BOOK |
| u |
2019-01-08 |
| x |
TEOLOGIA |
| -- |
P85 |
| 0 |
COMPRA |
| o |
.STAFF. Colección Teología |
| 994 ## - |
| -- |
C0 |
| -- |
PEPRU |
| 999 ## - NÚMEROS DE CONTROL DE SISTEMA (KOHA) |
| -- |
DEWEY |
| -- |
79727 |
| -- |
2021-11-9 |
| -- |
4 |
| -- |
CCODEBUL1 |
| -- |
BUL |
| -- |
57.82 |
| -- |
7 |
| -- |
0 |
| -- |
Y |
| -- |
BOOK |
| -- |
2019-1-8 |
| -- |
TEOLOGIA |
| -- |
P85 |
| -- |
COMPRA |
| -- |
FCOMPR2 |
| -- |
.STAFF. Colección Teología |
| 999 ## - NÚMEROS DE CONTROL DE SISTEMA (KOHA) |
| -- |
DEWEY |
| -- |
79728 |
| -- |
2019-5-26 |
| -- |
2021-11-9 |
| -- |
4 |
| -- |
CCODEBUL1 |
| -- |
BUL |
| -- |
2 |
| -- |
79.09 |
| -- |
8 |
| -- |
0 |
| -- |
Y |
| -- |
BOOK |
| -- |
2019-1-8 |
| -- |
TEOLOGIA |
| -- |
P85 |
| -- |
COMPRA |
| -- |
FCOMPR2 |
| -- |
.STAFF. Colección Teología |
| 999 ## - NÚMEROS DE CONTROL DE SISTEMA (KOHA) |
| -- |
DEWEY |
| -- |
79729 |
| -- |
2021-11-9 |
| -- |
4 |
| -- |
CCODEBUL1 |
| -- |
BUL |
| -- |
53.74 |
| -- |
0 |
| -- |
Y |
| -- |
BOOK |
| -- |
2019-1-8 |
| -- |
TEOLOGIA |
| -- |
P85 |
| -- |
COMPRA |
| -- |
FCOMPR2 |
| -- |
.STAFF. Colección Teología |
| 999 ## - NÚMEROS DE CONTROL DE SISTEMA (KOHA) |
| -- |
DEWEY |
| -- |
79730 |
| -- |
2021-11-9 |
| -- |
4 |
| -- |
CCODEBUL1 |
| -- |
BUL |
| -- |
49.66 |
| -- |
0 |
| -- |
Y |
| -- |
BOOK |
| -- |
2019-1-8 |
| -- |
TEOLOGIA |
| -- |
P85 |
| -- |
COMPRA |
| -- |
FCOMPR2 |
| -- |
.STAFF. Colección Teología |
| 980 ## - EQUIVALENCIA O REFERENCIA-CRUZADA-MENCIÓN DE SERIE--NOMBRE DE PERSONA/TÍTULO [LOCAL, CANADÁ] |
| ID del último usuario que modificó el registro |
1 |
| Nombre del último usuario que modificó el registro |
ALBERTO SANCHEZ Responsable de Automatización |